Central Library OPAC University of Rajshahi

The new poetic : (Record no. 55960)

MARC details
000 -LEADER
fixed length control field 01005nam a2200277 a 4500
001 - CONTROL NUMBER
control field 55960
003 - CONTROL NUMBER IDENTIFIER
rucl marc code BD-RjUL
005 - DATE AND TIME OF LATEST TRANSACTION
control field 20211209080333.0
008 - FIXED-LENGTH DATA ELEMENTS--GENERAL INFORMATION
fixed length control field 161124s1967 enk b 000 0 eng
035 ## - SYSTEM CONTROL NUMBER
System control number (BD-RjUL)56084
040 ## - CATALOGING SOURCE
Original cataloging agency DLC
Transcribing agency DLC
Modifying agency BD-RjUL
Language of cataloging eng
041 ## - LANGUAGE CODE
Language code of text/sound track or separate title eng
082 00 - DEWEY DECIMAL CLASSIFICATION NUMBER
Edition number 23
Classification number 821.91209
Author mark and year STN 1967
100 1# - MAIN ENTRY--PERSONAL NAME
Personal name Stead, C. K.
Fuller form of name (Christian Karlson),
Dates associated with a name 1932-
9 (RLIN) 166572
245 14 - TITLE STATEMENT
Title The new poetic :
Remainder of title Yeats to Eliot /
Statement of responsibility, etc. [by] C. K. Stead.
260 ## - PUBLICATION, DISTRIBUTION, ETC. (IMPRINT)
Place of publication, distribution, etc. London :
Name of publisher, distributor, etc. Penguin by arrangement with Hutchinson,
Date of publication, distribution, etc. 1967.
300 ## - PHYSICAL DESCRIPTION
Pagination 201 p. ;
Size 18 cm.
350 ## - PRICE (NR) (BK AM CF MU VM SE) [OBSOLETE]
Price -/5/-
504 ## - BIBLIOGRAPHY, ETC. NOTE
Bibliography, etc Includes bibliographies.
600 10 - SUBJECT ADDED ENTRY--PERSONAL NAME
Personal name Eliot, T. S.
Fuller form of name (Thomas Stearns),
Dates associated with a name 1888-1965
General subdivision Aesthetics.
Personal name Yeats, W. B.
Fuller form of name (William Butler),
Dates associated with a name 1865-1939
General subdivision Aesthetics.
650 #0 - SUBJECT ADDED ENTRY--TOPICAL TERM
Topical term or geographic name as entry element English poetry
Chronological subdivision 20th century
General subdivision History and criticism.
9 (RLIN) 159014
Topical term or geographic name as entry element American poetry
Chronological subdivision 20th century
General subdivision History and criticism.
9 (RLIN) 166575
Topical term or geographic name as entry element Poetics
General subdivision History
Chronological subdivision 20th century.
9 (RLIN) 166576
942 ## - ADDED ENTRY ELEMENTS (KOHA)
Source of classification or shelving scheme Dewey Decimal Classification
Koha item type Books
Holdings
Lost status Source of classification or shelving scheme Damaged status Not for loan Collection code Permanent Location Current Location Shelving location Date acquired Source of acquisition Cost, normal purchase price Total Checkouts Full call number Date last seen Copy number Koha item type
  Dewey Decimal Classification     Non-fiction Central Library, University of Rajshahi Central Library, University of Rajshahi   03/11/1990 Shoma interprise, Raj. 18.00   821.91209 STN 1967 24/11/2016 C-2 Books